000 00922nam a2200205Ia 4500
003 OSt
005 20250821150006.0
008 220922b |||||||| |||| 00| 0 hin d
037 _cTB
040 _aARTS
_cARTS
_bhin
041 _2hin
_ahin
084 _aO152:gN51 P0
_qAL
100 _aअवस्थी, रेखा
245 0 _aप्रगतिवादी और समानांतर साहित्य
_b सन् '36 से सन्' 51 तक के साहित्य का द्वंद्वात्मक विश्लेषण
246 _aPragativādī aur samānāantar sāhitya: san '36 se san' 51 tak ke sāhitya kā dvandvātmak vishleṣhaṇa
260 _aदिल्ली
_b स्वराज प्रकाशन
_c2000
300 _a362पृ.
_ccm.
942 _hO152:gN51 P0
_cTB
_2CC
_n0
999 _c368757
_d368757